000 01447nam a22003257a 4500
003 DO-SdBNP
005 20231213122838.0
008 210426b 2021 dr 00| 0 spa d
020 _a9789945178647
040 _aBPMSU
_bspa
_cBPMSU
082 4 _aRD863.44
_bN576u 2021
_222
092 _a
100 1 _aNG, Leibi
_d
245 1 0 _aUna discusión interminable /
_c Leibi Ng ; ilustración: Soonhwa, Wisner ; investigación: Laura V. Sánchez-Vincitore ; coordinación pedagógica: Cledenin Veras
260 _aSanto Domingo:
_bEdiciones SM ;
_bUniversidad Iberoamericana (UNIBE),
_c2021
300 _a39 p. :
_bilus. ;
_c15 cm
490 0 _3La Liga de la Esperanza,
_v20
500 _3
520 _aBelkys, Ashly, Yoel y Wilkin van de paseo a la Zona Colonial. Todo está extrañamente vacío. Cuando entran a un colmado a comprar el desayuno se encuentran a Cristóbal Colón y al cacique Caonabo discutiendo de una forma muy particular. Al rato se suman una monja, un cantante y hasta la mismísima Anacaona.
590 _aInventariado, 2023/VM
650 4 _aCuentos juveniles dominicanos
650 4 _aTiras cómicas, historietas
650 4 _aLiteratura juvenil dominicana
650 4 _aDiscusiones
_vCuentos
700 1 _3Wi, Hen Fung
_eilustración
700 1 _3Sánchez-Vincitore, Laura V.
_einvestigador
700 1 _aVeras, Cledenin
_ecoordinador pedagógico
910 _aVMateo V. Control de calidad. BPMSU
942 _2ddc
_cBK
999 _c14515
_d14515